| Tag |
First Indicator |
Second Indicator |
Subfields |
| LEADER |
00000cam a2200000 a 4500 |
| 001 |
in00002530121 |
| 005 |
20151113122410.0 |
| 008 |
090114s2009 nsc 001 p eng |
| 016 |
|
|
|a 20099002213
|
| 020 |
|
|
|a 9781554470686 (pbk)
|
| 020 |
|
|
|a 1554470684 (pbk)
|
| 020 |
|
|
|a 9781554470693 (bound)
|
| 020 |
|
|
|a 1554470692 (bound)
|
| 029 |
0 |
|
|a NLC
|b 20099002213
|
| 035 |
|
|
|a (OCoLC)ocn305099848
|
| 035 |
|
|
|a (OCoLC)305099848
|
| 040 |
|
|
|a NLC
|b eng
|c NLC
|d YDXCP
|d BTCTA
|d CDX
|d BUF
|d UtOrBLW
|
| 049 |
|
|
|a TXAM
|
| 050 |
|
4 |
|a PS8553.R5
|b A17 2009
|
| 055 |
0 |
0 |
|a PS8553 R5
|b A17 2009
|
| 082 |
0 |
|
|a C811/.54
|2 22
|
| 100 |
1 |
|
|a Bringhurst, Robert,
|d 1946-
|
| 240 |
1 |
0 |
|a Poems.
|k Selections
|
| 245 |
1 |
0 |
|a Selected poems /
|c Robert Bringhurst.
|
| 264 |
|
1 |
|a Kentville, N.S. :
|b Gaspereau Press,
|c [2009]
|
| 264 |
|
4 |
|c ©2009
|
| 300 |
|
|
|a 265 pages ;
|c 22 cm.
|
| 336 |
|
|
|a text
|b txt
|2 rdacontent
|
| 337 |
|
|
|a unmediated
|b n
|2 rdamedia
|
| 338 |
|
|
|a volume
|b nc
|2 rdacarrier
|
| 945 |
|
|
|a PromptCat
|b 847621
|
| 946 |
|
|
|a stk
|
| 947 |
|
|
|a A14840000712
|
| 994 |
|
|
|a 92
|b TXA
|
| 948 |
|
|
|a cataloged
|b h
|d 2009/12/7
|h c
|e asalazar
|f 3:04:06 pm
|
| 999 |
|
|
|a MARS
|
| 999 |
f |
f |
|s 85832015-f9ce-3100-a662-366bcd1cd611
|i 83b756ca-077a-3a4c-8b2a-07791357303e
|t 0
|
| 952 |
f |
f |
|p ric
|a Texas A&M University
|b Rellis Campus
|c Joint Library Facility
|d Remote Storage
|t 0
|e PS8553.R5 A17 2009
|h Library of Congress classification
|i unmediated -- volume
|m A14840000712
|
| 998 |
f |
f |
|a PS8553.R5 A17 2009
|t 0
|l Remote Storage
|